000 01069nam a2200337Ia 4500
001 dia_5995
003 CHAP
005 20240612125015.0
008 220117s2013 xx 000 0 und d
010 _a177160
020 _a978-607-11-3207-9
040 _cCHAP
082 _a808.8383 P73 A43 2013
100 _aPrakash Khatnani, Sagar
_9160372
245 _aAmagi : un relato increíble sobre la búsqueda de los sueños /
_c Sagar Prakash Khatnani
260 _aMéxico :
_b Santillana,
_c2013
300 _a537 p.
440 _aSuma de letras
_9160148
503 _aC.
590 _aPQ6716.R5236 A43 2013
650 _aConduct of life
_xFiction
_9160352
650 _aFiction
_9152751
650 _aLiteratura española
_xSiglo XXI
_9160139
650 _aMotivación (Psicología)
_979090
650 _aNovela psicológica
_9160181
650 0 _aSpanish literature
_y21st century
_9160141
901 _a808.8383 P73 A43 2013
902 _aA
905 _a5232272013 mx a 9222223332spa16
942 _cLIBRO
_2ddc
999 _c177160
_d177160